| 000 | 00976nmc a2200325 a 4500 | ||
|---|---|---|---|
| 003 | AR-BaBNM | ||
| 005 | 20251128210909.0 | ||
| 008 | 241020s2001 ||||||||||||||000 | spa|| | ||
| 020 | _a84-493-1013-x | ||
| 040 | _cAR-BaBNM | ||
| 100 | 1 | _aGil, Fernando | |
| 245 | 1 | 0 |
_aLa enseñanza de los derechos humanos _b30 preguntas, 29 respuestas y 76 actividades |
| 260 |
_aBuenos Aires _bPaidós _c2001 |
||
| 300 |
_a216 p. _btablas |
||
| 490 | 0 |
_aPapeles de pedagogía _vv. 50 |
|
| 500 | _aContiene índice analítico | ||
| 504 | _aContiene referencias bibliográficas p. 215-216 | ||
| 650 | 4 | _aDERECHOS HUMANOS | |
| 650 | 4 | _aMETODOS DE ENSENANZA | |
| 650 | 4 | _aSOLIDARIDAD | |
| 650 | 4 | _aDERECHOS CIVILES Y POLITICOS | |
| 650 | 4 | _aDERECHOS SOCIALES Y ECONOMICOS | |
| 653 | _aTEMAS TRANSVERSALES | ||
| 653 | _aEDUCACION EN VALORES | ||
| 653 | _aESTRATEGIAS DIDACTICAS | ||
| 700 | 1 | _aJover, Gonzalo | |
| 700 | 1 | _aReyero, David | |
| 942 | _cBK | ||
| 998 | _cRAQUEL | ||
| 999 |
_c17352 _d17352 |
||